「茶」がつく駅名 - Statistics

General Stats
  • This quiz has been taken 222 times
    156 since last reset
  • The average score is 9 of 26
Answer Stats
都道府県 駅名 % Correct
東京都 三軒茶屋
77%
岡山県 茶屋町
75%
東京都 御茶ノ水
66%
大阪府 天下茶屋
63%
東京都 新御茶ノ水
57%
北海道 標茶
46%
京都府 二軒茶屋
43%
鹿児島県 二軒茶屋
43%
福岡県 茶山
39%
大阪府 萩ノ茶屋
39%
東京都 お花茶屋
32%
岐阜県 茶所
32%
愛知県 茶屋ヶ坂
30%
北海道 茶志内
25%
大阪府 西天下茶屋
25%
北海道 茶内
24%
広島県 七軒茶屋
22%
京都府 茶山・京都芸術大学
22%
三重県 高茶屋
20%
鹿児島県 木場茶屋
18%
大阪府 東天下茶屋
16%
福岡県 古賀茶屋
14%
兵庫県 滝の茶屋
12%
大阪府 北天下茶屋
11%
愛知県 茶臼山
11%
長崎県 蛍茶屋
10%
No matching quizzes found
Score Distribution
Percent of People with Each Score
Percentile by Number Answered
Your Score History
You have not taken this quiz since the last reset